000 00425nam a22001577a 4500
005 20260225151712.0
008 260225b |||||||| |||| 00| 0 eng d
082 _a617.7
100 _aRamakrishnan
245 _aKanne, Nalama?
_bKannkalai Arivom, Kannalam Kaappom
_cRamakrishnan R & Arunkumar M
250 _a1st
260 _aTirunelveli
_bLeo Prints
_c2008
650 _vGeneral
_xGeneral
942 _cBK
999 _c249466
_d249466